[Event "ICS rated blitz match"]
[Site "207.99.83.227"]
[Date "1999.03.30"]
[Round "?"]
[White "Hossa"]
[Black "TDChess"]
[Result "0-1"]
[WhiteElo "2468"]
[BlackElo "2625"]
[Annotator "Crafty v16.6"]
[PlyCount "126"]

{annotating for player Hossa using a scoring margin of +0.10 pawns. search
time limit is 12.00} 1. e4 1... e6 2. Nf3 d5 3. exd5 exd5 4. Bb5+ c6 5. Be2 Nf6
6. O-O Bd6 7. d3 O-O 8. Bg5 h6 9. Bd2 Qb6 10. Bc3 Ng4 11. h3 Nf6 12. Bxf6 gxf6
13. Qc1 Re8 14. Nc3 Kg7 15. Re1 Bc5 16. Nd1 Nd7 17. Qf4 Ne5 18. c3 Nxf3+ 19.
Qxf3 Bd6 20. d4 Bd7 21. Kh1 Re4 22. b4 Bb8 23. Qh5 a5 24. bxa5 Qc7 25. g3 Qxa5
26. Rg1 Bd6 27. Bf3 Ree8 28. Rb1 Qc7 29. Rb2 Ba3 30. Rc2 Qb6 31. Rf1 Qb5 32.
Be2 Qa4 33. Bd3 c5 34. c4 cxd4 35. Kh2 dxc4 36. Rxc4 Qa7 37. Rc7 Re5 38. Qf3
Bc6 39. Qg4+ Kf8 40. Bc4 Be7 41. f4 h5 42. Qc8+ Rxc8 43. Rxc8+ Kg7 44. fxe5 Qa5
45. exf6+ Bxf6 46. Nf2 h4 47. Ng4 Qa3 48. Bb3 Qd6 49. Rg8+ Kxg8 50. Nxf6+ Kh8
51. Rf4 Qe5 52. Rxh4+ Kg7 53. Nh5+ Kf8 54. Nf4 d3 55. Rh7 Qe1 56. Bd5 Bxd5 57.
Nxd5 Qf2+ 58. Kh1 d2 59. Nc3 Qf3+ 60. Kh2 Qxc3 61. Rxf7+ Kxf7 62. a4 d1=Q 63.
a5 Qb2# 0-1

[Event "ICS rated blitz match"]
[Site "207.99.83.227"]
[Date "1999.03.30"]
[Round "?"]
[White "TDChess"]
[Black "Hossa"]
[Result "1-0"]
[WhiteElo "2625"]
[BlackElo "2459"]
[Annotator "Crafty v16.6"]
[PlyCount "157"]

{annotating for player Hossa using a scoring margin of +0.10 pawns. search
time limit is 12.00} 1. Nf3 1... g6 2. d4 Bg7 3. e4 c6 ({8:-0.67} 3... c6 4.
Bd3 Nf6 5. e5 Nd5 6. c4 Qa5+ 7. Nbd2 7... Nf4 $14) ({8:-0.39} 3... c5 4. dxc5
Qa5+ 5. c3 Qxc5 6. Be3 Qc6 7. Nbd2 7... Nf6 $14) 4. Nc3 d6 ({8:-0.79} 4... d6
5. Bc4 b5 6. Bd3 f5 7. exf5 gxf5 8. O-O 8... Nf6 $16) ({8:-0.65} 4... Nf6 5.
Bd3 O-O 6. O-O d6 7. Bg5 Bg4 8. Bc4 $14) 5. Be2 Nf6 6. O-O Bg4 7. Bg5 O-O 8.
Qd3 Qb6 ({7:-0.89} 8... Qb6 9. e5 dxe5 10. dxe5 Rd8 11. Qc4 Be6 12. Qf4 $16) ({
7:-0.50} 8... Na6 9. Qe3 Nb4 10. Rfc1 d5 11. e5 11... Nh5 $14) 9. e5 dxe5 10.
dxe5 Rd8 ({7:-0.90} 10... Rd8 11. Qc4 Bxf3 12. Bxf3 Rd4 13. Qe2 Nfd7 14. e6
14... fxe6 $16) ({7:-0.60} 10... Nfd7 11. Bxe7 Re8 12. Bd6 Bf5 13. Qd4 13...
Qxb2 $14) 11. Qc4 Bxf3 12. Bxf3 Nfd7 ({8:-1.18} 12... Nfd7 13. e6 Ne5 14. exf7+
Kf8 15. Qe6 Nxf3+ 16. gxf3 Qc7 17. Rad1 Bxc3 18. Rxd8+ Qxd8 19. bxc3 $16) ({
8:-0.93} 12... Ne8 13. Na4 Qd4 14. Qb3 Qxe5 15. Qxb7 Nc7 16. Bxc6 Nxc6 17. Qxc6
Qxg5 18. Qxc7 $16) 13. Na4 Qa5 14. Bxe7 Re8 15. Qb4 Qxb4 16. Bxb4 Nxe5 17. Be2
Ned7 18. Rfe1 b5 19. Nc3 a5 20. Bd6 Bxc3 21. bxc3 Na6 22. a4 bxa4 23. Rxa4 Nb6
24. Raa1 a4 25. Rab1 Nc8 26. Bf4 a3 27. Bf3 Rf8 28. Bxc6 Ra7 29. Bh6 a2 30.
Rbd1 Ne7 31. Bxf8 Kxf8 32. Rd8+ Kg7 33. Bf3 Nc7 34. Ra1 Nb5 35. Rd3 Nc7 36. c4
Ne6 37. c3 Ra3 38. Rd2 Rxc3 39. Be2 Nc6 40. Raxa2 Rc1+ 41. Rd1 Rc3 42. Bf1 Ne5
43. Ra4 Rc2 44. Re1 Nc5 45. Ra5 Ned3 46. Rb1 h6 47. f4 Rc3 48. Rd1 Nb3 49. Ra7
Nbc1 50. g3 Nc5 51. Re1 h5 52. Ree7 Kg8 53. Rxf7 Ra3 54. Rg7+ Kf8 55. Raf7+ Ke8
56. Rc7 Kf8 57. Rxg6 Ra6 58. Rxa6 Nxa6 59. Rh7 h4 60. Rxh4 Kg7 61. Rh5 Nb4 62.
c5 Nca2 63. Bg2 Nc3 64. c6 Na6 65. Rc5 Nxc5 66. c7 Ne2+ 67. Kf1 Ne6 68. c8=Q
N6d4 69. Qd7+ Kh6 70. Be4 Nxg3+ 71. hxg3 Nf5 72. Qf7 Nxg3+ 73. Kg2 Nxe4 74.
Qe6+ Kg7 75. Qxe4 Kh6 76. Kh3 Kg7 77. Qe7+ Kh6 78. f5 Kh5 79. Qh4# 1-0

[Event "ICS rated blitz match"]
[Site "207.99.83.227"]
[Date "1999.03.30"]
[Round "?"]
[White "Hossa"]
[Black "TDChess"]
[Result "0-1"]
[WhiteElo "2450"]
[BlackElo "2634"]
[Annotator "Crafty v16.6"]
[PlyCount "112"]

{annotating for player Hossa using a scoring margin of +0.10 pawns. search
time limit is 12.00} 1. e4 1... e6 2. Nf3 d5 3. exd5 exd5 4. d4 ({8:+0.10} 4.
d4 4... Nf6 5. Bb5+ c6 6. Bd3 Bb4+ 7. Bd2 Bxd2+ 8. Nbxd2 O-O 9. O-O 9... Bg4
$10) ({8:+0.98} 4. Bb5+ $16) 4... Nf6 5. Bb5+ Bd7 6. Bxd7+ Qxd7 7. O-O ({
8:+0.06} 7. O-O 7... Be7 8. Ne5 Qf5 9. Qf3 Qxf3 10. Nxf3 O-O 11. Bg5 $10) ({
8:+0.27} 7. Ne5 7... Qe6 8. O-O Bd6 9. Re1 Ne4 10. Nd2 Bxe5 11. dxe5 11... Qxe5
$10) 7... Nc6 8. Bg5 Ne4 9. Re1 h6 10. Bh4 ({9:-0.72} 10. Bh4 10... g5 11. c4
O-O-O 12. cxd5 Qxd5 13. Qc2 f5 14. Bg3 Nxg3 15. hxg3 $17) ({9:+0.24} 10. c4
10... Bb4 11. Bd2 O-O 12. Bxb4 Nxb4 13. Nbd2 Nd3 14. Ne5 Nxe5 15. dxe5 $10)
10... g5 11. Bg3 O-O-O 12. Ne5 Qe6 13. Nc3 Nxg3 14. fxg3 ({10:-0.70} 14. fxg3
14... Bg7 15. Nxc6 Qxc6 16. Qd3 Qb6 17. Rad1 Qxb2 18. Re7 Rhf8 19. Rde1 $15) ({
10:-0.05} 14. Nxc6 14... Qxc6 15. Qg4+ Kb8 16. Qxg3 Bb4 17. Qf3 Qc4 18. Qe3 f5
19. a4 19... h5 $10) 14... Bg7 15. Nxc6 Qxc6 16. Rb1 Qc4 17. Ne2 Qxa2 18. Ra1
Qxb2 19. Rxa7 Rde8 20. c3 c6 21. Ra8+ Kc7 22. Ra4 Bf8 23. Ra1 Bd6 24. Rb1 Qa2
25. Qd3 Re4 26. Ra1 Qb3 27. Qf3 Rf8 28. g4 Rfe8 29. h3 Re3 30. Qxf7+ R8e7 31.
Qf1 Qc4 32. Kh1 Rxe2 33. Rxe2 Qxe2 34. Qb1 Qe3 35. Qc1 Qg3 36. Qg1 Qxc3 37. Rc1
Qe3 38. Qxe3 Rxe3 39. Rd1 Bb4 40. Rf1 Bc3 41. Rf7+ Kb6 42. g3 Rxg3 43. Kh2 Re3
44. Rf6 Re2+ 45. Kh1 Bxd4 46. Rxh6 Be5 47. Kg1 d4 48. Kf1 d3 49. Re6 Re4 50.
Re8 d2 51. Rd8 Bd4 52. Rxd4 Rxd4 53. Ke2 d1=Q+ 54. Ke3 Qd2+ 55. Kf3 Rf4+ 56.
Kg3 Qf2# 0-1

[Event "ICS rated blitz match"]
[Site "207.99.83.227"]
[Date "1999.03.30"]
[Round "?"]
[White "lkd"]
[Black "Hossa"]
[Result "1-0"]
[WhiteElo "2105"]
[BlackElo "2442"]
[Annotator "Crafty v16.6"]
[PlyCount "102"]

{annotating for player Hossa using a scoring margin of +0.10 pawns. search
time limit is 12.00} 1. e4 1... e5 2. Nf3 Nc6 3. Bc4 Bc5 ({8:-0.50} 3... Bc5 4.
Qe2 d6 5. O-O f5 6. Nc3 Nf6 7. a3 fxe4 8. Nxe4 $14) ({8:-0.18} 3... f5 4. d3
fxe4 5. dxe4 Nf6 6. Bg5 h6 7. Bxf6 Qxf6 8. O-O $10) 4. c3 Nf6 5. d4 exd4 6. e5
d5 7. Bb5 Ne4 8. cxd4 Bb6 9. Nc3 Bd7 ({8:-0.21} 9... Bd7 10. Nxd5 Ba5+ 11. Kf1
O-O 12. Qe2 Bf5 13. Bxc6 bxc6 14. Nf4 $10) ({8:+0.12} 9... O-O 10. O-O Bg4 11.
Bxc6 bxc6 12. Qd3 Nxc3 13. bxc3 Rb8 14. Bg5 $10) 10. Bd3 Nxc3 11. bxc3 Bg4 12.
h3 Bxf3 ({9:-0.34} 12... Bxf3 13. Qxf3 Ba5 14. Bd2 O-O 15. e6 Qe7 16. Qxd5 Rad8
17. Qf5 Qxe6+ 18. Qxe6 18... fxe6 $14) ({9:-0.05} 12... Bh5 13. O-O Ba5 14. g4
Bg6 15. Rb1 Bb6 16. Bg5 16... Qd7 $10) 13. Qxf3 Ba5 14. Bd2 O-O 15. O-O Nxd4
16. Bxh7+ Kxh7 17. Qd3+ Kg8 18. cxd4 Bxd2 19. Qxd2 Qh4 20. f4 Qe7 21. f5 Qh4
22. Rf4 Qh7 23. f6 g6 24. Qf2 Qh6 25. Re1 Rae8 26. Re3 g5 27. Rg4 Kh8 28. Reg3
Rg8 29. Qf5 Qg6 30. Qxg6 Rxg6 31. Rxg5 Rxg5 32. Rxg5 c5 33. dxc5 d4 34. Kf2 d3
35. Ke3 Rd8 36. Kd2 Re8 37. Kxd3 b6 38. cxb6 axb6 39. Ke4 Ra8 40. Rg7 Ra4+ 41.
Kf5 Ra7 42. g4 Rxa2 43. Rxf7 b5 44. Kg6 Ra8 45. Rh7+ Kg8 46. f7+ Kf8 47. Rh8+
Ke7 48. Rxa8 Kd7 49. f8=Q Kc6 50. Qd6+ Kb7 51. Rb8+ Ka7 1-0

[Event "ICS rated blitz match"]
[Site "207.99.83.227"]
[Date "1999.03.30"]
[Round "?"]
[White "Guitar"]
[Black "Hossa"]
[Result "0-1"]
[WhiteElo "2148"]
[BlackElo "2414"]
[Annotator "Fritz 5.32 (15s)"]
[PlyCount "72"]

1. d4 Nf6 2. Nf3 e6 3. Bf4 3... Bb4+ $146 (3... c5 4. dxc5 Bxc5 5. Bd6 $11) 4.
c3 Be7 5. e3 O-O (5... d5 6. Bd3 $11) 6. h3 {Kontrolliert g4} (6. Bd3 6... d5
$11) 6... Nd5 $14 (6... b6 7. Bd3 $11) 7. Bh2 7... Bh4 $16 (7... Nf6 8. Bd3 $11
) 8. Qd3 $14 (8. Nxh4 Qxh4 9. Qf3 9... f5 $14) 8... d6 {Befestigt e5} (8... Be7
9. e4 Nb6 10. Be2 $14) 9. Be2 Nc6 10. e4 Nb6 11. Nxh4 Qxh4 12. Bg3 (12. Nd2
12... e5 $14) 12... Qd8 13. O-O Bd7 14. Nd2 14... Qg5 $14 (14... f5 15. Nf3 $11
) 15. Kh2 (15. Nf3 15... Qe7 $14) 15... Na4 (15... f5 16. Nf3 Qh6 17. exf5 exf5
18. Rfe1 $11) 16. b3 Nb6 17. f4 Qg6 18. Bd1 (18. f5 exf5 19. exf5 19... Qh6 $14
) 18... Rae8 19. Bc2 $11 (19. Bf3 19... Ne7 $11) 19... Re7 $14 (19... f5 20. e5
$11) 20. Rf3 Nd8 21. Raf1 $11 {Weiss plant f5} (21. Re1 21... Qh5 $14) 21...
Ree8 22. f5 {Weiss gewinnt Raum} 22... exf5 23. exf5 Qh5 24. Ne4 $11 (24. f6 g6
25. Rf4 25... Qa5 $11) 24... Bc6 25. Rf4 25... Bxe4 $14 (25... f6 26. a3 $11)
26. Rxe4 Nd5 27. c4 $11 (27. Bd1 Qg5 28. Bh4 Qh6 29. Bxd8 29... Rxd8 $16) 27...
Nb4 28. Qc3 28... Rxe4 $16 (28... Nxc2 $5 $142 {muss beachtet werden} 29. Qxc2
29... f6 $14) 29. Bxe4 29... Qe2 $18 (29... Na6 30. f6 $16) 30. Rf4 $11 (30.
Re1 $142 {mit klarem Vorteil fuer Weiss} 30... Nxa2 31. Qa5 $18 (31. Rxe2 $6
31... Nxc3 32. Re1 32... Re8 $15)) 30... Nxa2 31. Qa5 Nc1 32. Rh4 $15 (32. Qxc7
$5 $142 {ist zu ueberlegen} 32... Nxb3 33. Rg4 $14) 32... Nxb3 $11 (32... Qe3
$5 33. f6 33... g6 $11) 33. Qxc7 33... d5 $4 $18 {vergibt den Vorteil} (33...
Nd2 $142 {war relativ besser} 34. Bxd6 Nf1+ 35. Kg1 35... Qe1 $11) 34. cxd5 $4
$11 {danach wendet sich das Blatt.} (34. Bd6 $142 {
Weiss haette nun das bessere Spiel} 34... Nxd4 35. Bxd5 (35. Bxf8 dxe4 36. Be7
Nf3+ 37. Kg3 Qe1+ 38. Kg4 Nh2+ 39. Kh5 Qd1+ 40. g4 Nf3 41. Qxd8+ Qxd8 42. Bxd8
g6+ 43. Kh6 43... e3 $19) 35... Nxf5 36. Bxf8 $18) 34... Nd2 (34... Nxd4 $4 {
Schwarz schlaegt einen vergifteten Bauern} 35. f6 h5 36. Qe5 $18) 35. Bc2 $4 (
35. f6 Nxe4 36. Qe5 gxf6 37. Qf5 $14 (37. Qxe4 Qxe4 38. Rxe4 38... f5 $11))
35... Nf3+ 36. Kh1 Qf1# 0-1

[Event "ICS rated blitz match"]
[Site "207.99.83.227"]
[Date "1999.03.30"]
[Round "?"]
[White "Hossa"]
[Black "Halo"]
[Result "1-0"]
[WhiteElo "2418"]
[BlackElo "2189"]
[Annotator "Fritz 5.32 (15s)"]
[PlyCount "33"]

1. e4 e6 2. d4 d5 3. Nd2 Nf6 4. e5 Nfd7 5. Ngf3 c5 6. c3 Nc6 7. Bb5 Qb6 8. Bxc6
bxc6 9. O-O Ba6 10. Re1 10... c4 $11 {Raumvorteil} (10... Bd3 11. Re3 Bg6 12.
Nf1 Be7 13. Ng3 O-O 14. b3 a5 15. Re1 cxd4 16. cxd4 Rfc8 17. Be3 c5 18. Ne2 Qa6
19. Nf4 Be4 20. Nd2 cxd4 21. Bxd4 Bc2 22. Qg4 Bf5 23. Qg3 Bb4 24. Re2 Rc2 25.
Qe3 {Sri,V-Guindy,E/Novi 1990/0-1 (58)}) (10... cxd4 11. cxd4 c5 12. Nb3 $15)
11. b3 11... Be7 $14 (11... cxb3 12. axb3 c5 13. Ng5 $11) 12. bxc4 {
Weiss zwingt den Gegner mit starken Drohungen nieder} 12... Bxc4 $16 (12... Qa5
13. Qc2 $14) 13. Nxc4 dxc4 14. Nd2 $14 (14. Bg5 14... Bf8 $16) 14... Qa6 15.
Qg4 O-O 16. Ne4 16... c5 $2 $18 (16... Rfb8 $5 $14 $142 {ist noch spielbar})
17. Bh6 {Droht Matt: Qxg7} (17. Bh6 g6 18. Bxf8 Rxf8 19. Rab1 $18) 1-0

[Event "ICS rated blitz match"]
[Site "207.99.83.227"]
[Date "1999.03.30"]
[Round "?"]
[White "Z-Eddie"]
[Black "Hossa"]
[Result "0-1"]
[WhiteElo "2225"]
[BlackElo "2425"]
[Annotator "Fritz 5.32 (15s)"]
[PlyCount "64"]

1. d4 Nf6 2. c4 g6 3. Nc3 Bg7 4. e4 d6 5. f4 O-O 6. Nf3 c5 7. d5 e6 8. Be2 exd5
9. cxd5 Re8 10. e5 dxe5 11. fxe5 Nfd7 (11... Ng4 12. Bg5 Qb6 13. Qd2 13... Nxe5
{- Banikas,H-Georgiev,K/Ano Liosia Open, Athens GRE 1998 (13)}) 12. Bg5 Qb6 13.
Qd2 Nxe5 14. O-O-O 14... Nxf3 $11 (14... Bf5 15. Nxe5 Bxe5 16. Rhe1 (16. g4
Bxc3 17. Qxc3 Rxe2 18. gxf5 Nd7 19. d6 Qb4 20. Qxb4 cxb4 21. Rhe1 Rae8 22. Be7
Rxe1 23. Rxe1 f6 24. Kc2 gxf5 25. Kb3 Kf7 26. Rc1 Rg8 27. Rc7 Ke6 28. Kxb4 f4
29. Rc4 Ne5 30. Re4 f3 31. Kc3 Rg4 32. Re1 f2 33. Rf1 33... Rg2 {
0-1 Summerscale,A-Nijboer,F/BL9697 Bochum-Wuppertal 1996 (33)}) 16... Na6 17.
d6 Nb4 18. Bc4 Bd4 19. a3 Nc6 20. Nd5 Qa5 21. Rxe8+ Rxe8 22. Ne7+ Rxe7 23. Qxa5
Nxa5 24. dxe7 Bd7 25. Bd5 Kg7 26. Re1 Be8 27. Be3 Nc6 28. Bxc6 bxc6 29. Bxd4+
cxd4 30. b4 {1-0 Van de Berkmortel,T-Zavadsky,P/Bratislava 1993 (30)}) (14...
Na6 15. Nxe5 Rxe5 16. Bf4 Re8 17. Rhe1 Bd7 18. d6 Be6 19. Bxa6 Qxa6 20. Kb1 Bd4
21. Ka1 Rad8 22. Re4 Rxd6 23. Bxd6 Qxd6 24. Qh6 Qc6 25. Rh4 Bg7 26. Qxh7+ Kf8
27. Rd2 b5 28. Rf4 b4 29. Qxg6 29... bxc3 {
0-1 Blokh M.-Lukin Andrei M/Ch Russia, Orel (Russia) 1992 (29)}) (14... Bg4 15.
Rhe1 Nbd7 16. Nxe5 Nxe5 17. Bxg4 Nxg4 18. d6 Rxe1 19. Rxe1 $11) 15. Bxf3 Bd7
16. Rhe1 (16. Bh6 16... Na6 $11) 16... Na6 17. d6 {
Weiss hat einen starken Freibauern} 17... Nb4 {
Nun geraet Weiss unter starken Druck.} 18. Be7 $17 {
Der Laeufer ist hier stark postiert} (18. Re7 $5 $142 {ist zu beachten} 18...
Qa5 19. Rxd7 Bxc3 20. bxc3 Nxa2+ 21. Kb2 Qb5+ 22. Kxa2 Qa4+ 23. Kb1 Qxd7 24. h4
$11) 18... Be6 19. a3 $4 $19 {
auch bessere Zuege haetten die Partie nicht gerettet.} (19. Kb1 $142 19... Bxc3
20. Qxc3 Bxa2+ 21. Kc1 $19) 19... Bxc3 20. bxc3 Na2+ 21. Kc2 Bb3+ 22. Kd3 Qa6+
(22... Rad8 $142 {ist genauer} 23. Ke3 Bxd1 24. Kf2 Bxf3 25. Bxd8 Rxd8 26. gxf3
Nxc3 27. Qxc3 Qxd6 28. Kg2 $19) 23. Ke3 Bxd1 24. Rxd1 Qxa3 25. Kf2 Nxc3 26. Rc1
Nb5 27. Bxb7 Rab8 (27... Nxd6 {gibt noch groesseren Vorteil} 28. Bxa8 Rxe7 29.
Bf3 $19) 28. Bc6 $4 {damit ist die Partie vorbei} (28. d7 Rxe7 29. d8=Q+ Rxd8
30. Qxd8+ Kg7 31. Qxe7 Qxc1 32. Qe5+ Kh6 33. Qe7 $19) 28... Nxd6 $1 {
logisch und kraftvoll.} 29. Qxd6 (29. Bf6 {
bot noch bessere Widerstandsmoeglichkeiten} 29... Rb6 30. Bd5 $19) 29... Qb2+
30. Kg3 Qxc1 31. Bxe8 (31. Qxc5 {lenkt den Gegner vielleicht noch ab} 31...
Qe1+ 32. Kh3 Qe6+ 33. Kg3 Rxe7 34. Bf3 $19) 31... Rb3+ 32. Kg4 (32. Qd3 {
holt die Kuh nicht vom Eis} 32... Rxd3+ 33. Kg4 f5+ 34. Kh4 Qh6#) 32... f5+ (
32... f5+ 33. Kh4 Qh6#) 0-1

[Event "ICS rated blitz match"]
[Site "207.99.83.227"]
[Date "1999.03.30"]
[Round "?"]
[White "Hossa"]
[Black "Z-Eddie"]
[Result "1-0"]
[WhiteElo "2433"]
[BlackElo "2217"]
[Annotator "Fritz 5.32 (15s)"]
[PlyCount "83"]

1. e4 e6 2. Nf3 d5 3. exd5 exd5 4. Bb5+ (4. Be2 Nc6 5. O-O Bd6 6. Re1 Nge7 7.
d4 O-O 8. h3 Bf5 9. c3 Re8 10. Bd3 Rb8 11. Bxf5 Nxf5 12. Bg5 Rxe1+ 13. Qxe1 Qe8
14. Nbd2 f6 15. Qxe8+ Rxe8 16. Bh4 g5 17. Bg3 Nxg3 18. fxg3 18... Bxg3 {
Bench-GriffySr/ICS u 1995/0-1 (47)}) (4. Nc3 Nf6 5. d4 Bg4 6. Be2 Bb4 7. O-O
O-O 8. Bg5 Bxc3 9. bxc3 Nbd7 10. Re1 c6 11. Ne5 Bxe2 12. Rxe2 Qc7 13. f3 Nxe5
14. dxe5 Nd7 15. Qd4 Rfe8 16. Rae1 Nb6 17. Qc5 17... Nc4 {
0-1 Virkamaeki,L-Rozhic,I/EuYouth U12 Boys, Tallinn EST 1997 (17)}) 4... c6 5.
Be2 $146 (5. Qe2+ Qe7 6. Qxe7+ Bxe7 7. Be2 Nf6 8. O-O Bg4 9. Re1 Nbd7 10. Bd3
Bxf3 11. gxf3 Nc5 12. b3 Nxd3 13. cxd3 Kd7 14. Ba3 Rae8 15. Bxe7 Rxe7 16. Rxe7+
Kxe7 17. Nc3 Re8 18. Re1+ Kd7 19. Rxe8 Kxe8 20. Na4 Nd7 21. d4 b6 22. Nb2 Nf8
23. Nd3 Ne6 24. Ne5 Nxd4 25. Nxc6 Nxc6 26. Kf1 Ke7 27. Ke2 Ke6 28. Ke3 g5 29.
f4 d4+ 30. Ke4 f5+ 31. Kf3 g4+ 32. Kg3 d3 33. f3 h5 34. fxg4 hxg4 35. h3 gxh3
36. Kxh3 Nd4 37. Kg3 Kd5 38. Kf2 Ke4 39. b4 39... Kxf4 {
Muench,S-Prause,R/1, DEM U13 Lingen 1995/0-1 (53)}) 5... Nf6 6. O-O 6... Bg4
$11 (6... Bd6 7. Re1 $11) 7. Ng5 Bxe2 (7... Bf5 8. Re1 Be7 9. d4 $11) 8. Qxe2+
Be7 9. Re1 Na6 10. d3 $11 {Verwehrt dem Gegner e4} (10. b3 10... Kf8 $14) 10...
h6 11. Nf3 Nc7 12. Nd4 Qd7 13. Bd2 Kf8 14. Bf4 (14. Nf5 Bc5 15. Qf3 15... Re8
$11) 14... Re8 15. Nf3 (15. Qf3 Bc5 16. Rxe8+ 16... Qxe8 $15) 15... Bd6 $11 (
15... Bb4 16. Ne5 Qf5 17. Bd2 $17) 16. Ne5 $2 $17 (16. Bxd6+ $5 $142 {
und Weiss kann noch kaempfen} 16... Qxd6 17. Qd2 $11) 16... Bxe5 17. Bxe5 Ng4
18. d4 f6 (18... Nxe5 $6 19. dxe5 Qf5 20. Na3 $15) 19. f3 Nxe5 20. dxe5 Rxe5
21. Qf2 Rxe1+ 22. Qxe1 Qe6 (22... Kf7 23. Qf2 $17) 23. Qd2 (23. Qf2 23... b6
$15) 23... Kf7 24. Qf2 Re8 25. Nc3 {Weiss haelt das Heft fest in der Hand}
25... Qe3 26. Qxe3 Rxe3 27. Kf2 d4 (27... Re8 28. h4 $17) 28. Ne4 28... Ne6 $4
$16 {danach kann Schwarz alle Traeume begraben} (28... Ke7 $17 $142) 29. Nd6+
29... Ke7 $2 $18 (29... Kg6 $5 $142 30. Nc4 Re5 31. Nxe5+ 31... fxe5 $14) 30.
Nf5+ Kd7 31. Nxe3 dxe3+ 32. Kxe3 Ke7 33. a4 a6 (33... f5 34. Re1 $18) 34. Ra3 (
34. a5 34... c5 $18) 34... Nc7 (34... a5 35. Rd3 $18) 35. a5 Nd5+ (35... c5 36.
Rd3 $18) 36. Ke4 Kd6 37. Rb3 Kc7 38. Kf5 c5 39. Kg6 c4 40. Ra3 Nf4+ (40... h5 {
macht keinen grossen Unterschied} 41. Kxg7 Kd6 42. Ra4 $18) 41. Kxg7 Nxg2 42.
Kxf6 (42. Kxf6 Kd6 43. Kg6 $18) 1-0

[Event "ICS rated blitz match"]
[Site "207.99.83.227"]
[Date "1999.03.30"]
[Round "?"]
[White "Z-Eddie"]
[Black "Hossa"]
[Result "0-1"]
[WhiteElo "2210"]
[BlackElo "2440"]
[Annotator "Fritz 5.32 (15s)"]
[PlyCount "48"]

1. d4 Nf6 2. c4 g6 3. Nc3 Bg7 4. e4 d6 5. f4 O-O 6. Nf3 c5 7. Be2 cxd4 8. Nxd4
8... Qb6 $146 (8... Bg4 9. Be3 Qc8 10. h3 Bxe2 11. Qxe2 Nh5 12. Nd5 Re8 13. Nf5
gxf5 14. Qxh5 e6 15. Nc3 Qxc4 16. Rc1 Nc6 17. Kf2 Nb4 18. Rhd1 fxe4 19. Nd5
Qxd5 20. Rxd5 Nxd5 21. f5 exf5 22. Rd1 Nxe3 23. Kxe3 Re5 24. Ke2 d5 25. Rc1 d4
26. Rc7 d3+ 27. Ke1 Rf8 28. Rd7 Rc5 29. Qg5 h6 30. Qf4 Rc2 31. Rxb7 d2+ 32. Kd1
32... Rd8 {0-1 Matthey Harald-Vogt Lothar/Ch DDR, DDR 1983 (32)}) (8... Nc6 9.
Nc2 Be6 10. Be3 (10. O-O Rc8 11. f5 Bd7 12. g4 Ne5 13. g5 Ne8 14. Nd5 Nxc4 15.
f6 exf6 16. gxf6 Bxf6 17. Rxf6 Nxf6 18. Bg5 Rc5 19. Bxc4 Rxd5 20. Bxd5 Qb6+ 21.
Qd4 {1-0 Tolush Alexander-Usov/Ch Leningrad, Leningrad (Russia) 1954 (21)})
10... Qc8 11. Rc1 Re8 12. Qd2 Ng4 13. Bg1 Nh6 14. h3 f5 15. exf5 Bxf5 16. Be3
Bxc2 17. Rxc2 Nf5 18. Bf2 e5 19. fxe5 dxe5 20. Ne4 Ncd4 21. Rc3 Rd8 22. Bd3 Bh6
23. Qd1 {Borisenko G-Tolush A K/Ch URS, Moscow 1950/ - (47)}) 9. Nc2 Bd7 10.
Qd3 $11 (10. Be3 Qa5 11. O-O 11... Rc8 $11) 10... Bg4 (10... Na6 11. Ne3 $11)
11. Be3 11... Bxe2 {Weiss kann nicht kurz rochieren} (11... Qxb2 $2 {
ist nicht korrekt} 12. Na4 Qxa1+ 13. Nxa1 Bxe2 14. Kxe2 $18 (14. Qxe2 $143
14... Nxe4 15. Qd3 15... Nf6 $18)) 12. Kxe2 Qc7 (12... Qxb2 $4 {vergiftet...}
13. Na4 Qxa1 14. Rxa1 $18) 13. Kf3 (13. Nb5 13... Qc6 $11) 13... Rc8 14. b3 Qd7
15. h3 {Deckt g4} 15... Na6 16. Rac1 16... Nc5 {
Schwarz fuehrt die Partie kraftvoll zu Ende} 17. Bxc5 Rxc5 18. Nd5 $15 (18.
Rcd1 18... Rac8 $11) 18... Nxd5 19. exd5 {Weiss erobert Raum} (19. cxd5 $4
19... Rc3 20. Qxc3 20... Bxc3 $19) 19... b5 20. Na3 $15 (20. Ne3 20... Rac8 $11
) 20... Bb2 21. Nxb5 Bxc1 22. Rxc1 Rac8 23. b4 $4 $19 (23. Re1 $11 $142 {
haette die Partie gerettet}) 23... Rxb5 24. cxb5 (24. a3 {
waere gleichermassen fruchtlos} 24... Rb7 $19) 24... Rxc1 (24... Rxc1 25. Kg3
25... Qc7 $19) 0-1

[Event "ICS rated blitz match"]
[Site "207.99.83.227"]
[Date "1999.03.30"]
[Round "?"]
[White "Hossa"]
[Black "Z-Eddie"]
[Result "1-0"]
[WhiteElo "2447"]
[BlackElo "2203"]
[Annotator "Fritz 5.32 (15s)"]
[PlyCount "39"]

1. e4 c5 2. Bc4 e6 3. Nc3 d6 4. Nf3 Nf6 5. d4 cxd4 6. Nxd4 Be7 7. O-O O-O 8.
Be3 a6 9. Qd2 $146 (9. f4 Nc6 (9... Qc7 10. Bb3 Nbd7 11. f5 Nc5 12. Qf3 Nxb3
13. cxb3 e5 14. Nde2 b5 15. Rac1 Qa5 16. Ng3 Bb7 17. a3 b4 18. Na4 Rac8 19. Nb6
Rxc1 20. Rxc1 bxa3 21. bxa3 Rb8 22. a4 d5 23. exd5 Bxd5 24. Nxd5 Qxd5 25. Qxd5
Nxd5 26. Ba7 Ra8 27. Bf2 f6 28. Rd1 Rd8 29. Ne4 a5 30. Nc5 Nb4 31. Rxd8+ Bxd8
32. Ne6 Be7 33. Bb6 Nc6 34. Kf2 g6 35. g4 Kf7 36. Ke3 gxf5 37. gxf5 Ke8 38. Ke4
Kd7 39. Kd5 Bb4 40. Nc5+ Bxc5 41. Bxc5 Ne7+ 42. Ke4 Nc8 43. Kd5 Ne7+ 44. Bxe7 {
Kaidanov,G-Browne,W/1994 U.S. Championships, Key West USA ( 1994/1-0 (59)}) 10.
f5 d5 11. exd5 exd5 12. Bb3 Bc5 13. Kh1 Ba7 14. Bg1 Re8 15. Qd3 Ne5 16. Qg3 b5
17. Rad1 Bb7 18. Ne6 fxe6 19. Bxa7 Nc4 20. Bxc4 Rxa7 21. Bb3 b4 22. Na4 exf5
23. Qf2 Ra8 24. Qxf5 Qc7 25. c3 bxc3 26. Nxc3 Re5 27. Nxd5 {
1-0 (USA),L-Beck,G/Munich (Germany) 1958 (27)}) (9. Bb3 b5 10. a3 10... Qc7 $11
) 9... Nxe4 10. Nxe4 d5 11. Bxd5 Qxd5 12. Nc3 Qc4 13. Rad1 Bd7 (13... Rd8 14.
f4 $15) 14. Bg5 Bxg5 15. Qxg5 15... Nc6 $14 (15... f6 $5 $142 {
ist die kritische Fortsetzung} 16. Qd2 16... e5 $11) 16. Nf5 {
Mit der Mattdrohung Qxg7} 16... exf5 17. Rxd7 Qb4 18. Rb1 18... g6 $4 $18 (
18... Rad8 $142 {war noch moeglich} 19. Nd5 Qc4 20. Nf6+ 20... Kh8 $11) 19. Nd5
Qc5 20. Qh6 $1 {glaenzend gespielt. Es droht Matt} (20. Qh6 20... Qxd5 $5 21.
Rxd5 $18) 1-0